000 00396nam a2200145Ia 4500
008 231129s2012||||xx |||||||||||||| ||spa||
020 _a978-958-9159-86-6
040 _bspa
082 _a(i) 590 B586p
100 _aBie Linne
245 0 _aLa pequeña Marina ama los animales
260 _c2012
264 _aBarcelona España : Juventud
942 _2ddc
_cBKS
999 _c17891
_d17891